|
|
|
|
| LEADER |
01316nam a2200337 i 4500 |
| 001 |
40279 |
| 003 |
BD-DhAAL |
| 008 |
221221t2018 bg b 001 0 eng d |
| 999 |
|
|
|c 45236
|d 45236
|
| 010 |
|
|
|a 2019328244
|
| 020 |
|
|
|a 9789849326076
|
| 025 |
|
|
|a B-E-2019328244 ; 22-92
|
| 037 |
|
|
|b Library of Congress -- New Delhi Overseas Office
|
| 040 |
|
|
|a DLC
|b eng
|e rda
|c DLC
|d DLC
|d BD-DhAAL
|
| 042 |
|
|
|a lcode
|a pcc
|
| 043 |
|
|
|a a-bg---
|
| 050 |
0 |
0 |
|a HN690.6.Z9
|b S66 2018
|
| 082 |
|
|
|a 305.5095492
|2 23
|
| 100 |
1 |
|
|a Sadeque, Syed Zahir,
|e author.
|9 53085
|
| 245 |
1 |
0 |
|a Social classes and social stratification in Bangladesh /
|c Syed Zahir Sadeque.
|
| 264 |
|
1 |
|a Dhaka :
|b Prothoma Prokashan,
|c 2018.
|
| 300 |
|
|
|a xi, 130 pages ;
|c 22 cm.
|
| 504 |
|
|
|a Includes bibliographical references and index.
|
| 541 |
|
|
|a Donated By Akbar Ali Khan
|e 40279
|
| 650 |
|
0 |
|a Social classes
|z Bangladesh.
|9 53086
|
| 650 |
|
0 |
|a Social structure
|z Bangladesh.
|9 53087
|
| 650 |
|
0 |
|a Social stratification
|z Bangladesh.
|9 53088
|
| 650 |
|
0 |
|a Social sciences.
|9 53089
|
| 852 |
|
|
|a Ayesha Abed Library
|c Akbar Ali Khan Collection
|
| 942 |
|
|
|2 ddc
|c BK
|
| 952 |
|
|
|0 0
|1 0
|2 ddc
|4 0
|6 305_509549200000000_SAD
|7 1
|9 72554
|a BRACUL
|b BRACUL
|c AAKC
|d 2022-12-21
|e Donated by Akbar Ali Khan
|g 300.00
|l 0
|o 305.5095492 SAD
|p 3010040279
|r 2022-12-21
|t 1
|w 2022-12-21
|y BK
|